000 00409nam a22001577a 4500
005 20241008101844.0
008 170310b xxu||||| |||| 00| 0 eng d
020 _a9781118795385
040 _cPK-LaUMT
082 _a155.90721
_bRES-
245 _aResearch methods for environmental psychology/
_cRobert Gifford(Edit)
260 _aChennai;
_bWiley,
_c2016
300 _a430 p.
546 _aEN
942 _cBK
999 _c91616
_d91616